|
|
|
|
| LEADER |
00695nam a2200169Ia 4500 |
| 001 |
UIH_02435 |
| 008 |
230809s9999 xx 000 0 und d |
| 082 |
|
|
|a 658.151
|
| 100 |
|
|
|a Nguyễn, Thị Thu Hà
|
| 245 |
|
0 |
|a Accrual Earnings Management, Real Earnings Management, and Information Uncertainty : Doctor of Philosophy - Major: Accounting
|
| 245 |
|
0 |
|c Nguyễn, Thị Thu Hà
|
| 260 |
|
|
|b Kingston Business School
|
| 260 |
|
|
|c 2021
|
| 650 |
|
|
|a Accounting;Luận án tiến sĩ;
|
| 856 |
|
|
|u https://opac.iuh.edu.vn/TraCuuTaiLieuSo2XemChiTiet.aspx?Id=119962
|
| 927 |
|
|
|a Luận văn
|
| 980 |
|
|
|a Trung tâm Thư viện - Trường Đại học Công nghiệp TP. Hồ Chí Minh
|